000
00449nam a2200145Ia 4500
008
100204s9999 xx 000 0 und d
082
_b
13097
100
_a
शिरवळकर सुहास
245
_a
थरारक
260
_b
"मधुवन ग्रंथ प्रकाशन , मुंबइ्रर् 69"
_c
1985 2
300
_a
250
630
_a
थरारक
730
_a
थरारक
942
_c
BOOK
999
_c
457529
_d
457526